000 00440nam a2200145Ia 4500
008 100204s9999 xx 000 0 und d
082 _b24686
100 _aबोकील मिलिंद
245 _aझेन गार्डन
260 _b"मौज प्रकाशन , मुंबई"
_c2000
300 _a232
630 _aझेन गार्डन
730 _aझेन गार्डन
942 _cBOOK
999 _c469867
_d469864